Josef von Sternberg
-д хадгалсан:
| Үндсэн зохиолч: | |
|---|---|
| Формат: | Ном |
| Хэл сонгох: | франц |
| Хэвлэсэн: |
París
Seghers
1966
|
| Цуврал: | Cinéma d'Aujourd'Hui, 45
|
| Нөхцлүүд: | |
| Шошгууд: |
Шошго нэмэх
Шошго байхгүй, Энэхүү баримтыг шошголох эхний хүн болох!
|
MARC
| LEADER | 00000nam a2200000 a 4500 | ||
|---|---|---|---|
| 001 | UCO5763 | ||
| 003 | CL-VaPUC | ||
| 008 | 000915e19660000FR |||||||||||||||||fre|d | ||
| 082 | 0 | 4 | |a 791.4309 |b WEI |2 21 |
| 100 | 0 | |a Weinberg, Herman G |e author |9 450570 | |
| 245 | 1 | 0 | |a Josef von Sternberg |
| 300 | |a 186 p | ||
| 942 | |c BK | ||
| 945 | |d 20000915 00:00:00 |a crobeson | ||
| 260 | |a París |b Seghers |c 1966 | ||
| 600 | 0 | 7 | |a STERNBERG, JOSEF VON |2 CL-VaPUC |9 450571 |
| 650 | 0 | |a Directores de cine |9 368705 | |
| 650 | 7 | |a REALIZADORES CINEMATOGRAFICOS |2 CL-VaPUC |9 355120 | |
| 650 | 7 | |a CINE AUSTRIACO |2 CL-VaPUC |9 450572 | |
| 650 | 0 | |a Biografías |9 255210 | |
| 583 | |a last modification |c 20000915 00:00:00 |k Rodrigo Vera | ||
| 490 | 0 | |a Cinéma d'Aujourd'Hui, 45 | |
| 999 | |c 291593 |d 291591 | ||
| 952 | |0 0 |1 0 |4 0 |6 791_430900000000000_WEI_1966 |7 0 |8 P |9 341558 |a BIBART |b BIBART |d 2019-11-20 |i 1222325 |o 791.4309 WEI 1966 |p 1222325 |r 2025-03-13 |w 2019-11-20 |y BK |k ART | ||